00411nam a2200133 a 450000500170000000800410001705000230005810000210008124500630010226000430016530000210020852100070022965000410023620140310183206.0030127s19uu xx 00 eng d aP 91.3 b.R38 1994 aReinard, John C. aIntroduction to communication research /cJohn C. Reinard. aUSA :bWCB Communications Inc.,c1994. a366 p. :c24 cm. aMC aCommunicationxresearchxmethodology